00487nam a2200181Ia 450000500170000000800410001702000220005804100080008008200170008810000190010524500540012426000420017830000090022044000060022950000260023565000250026170000190028620250623162214.0230125s9999 xx 000 0 und d a978-93-5032-144-7 aeng a658.018bKHA aKhandelwal R M aHandbook Of Business Studies And Research Vol - 2 c2017bShree Niwas PublicationaJaipur a338p v3 aResearch methodology; aResearch Methodology aKhandelwal R M